000 01179nam a2200205 a 4500
001 000034976
005 20250424134023.0
008 111024s1958 ve 000 0bspa d
040 _aDO-SdBNP
_bspa
_cBNPHU
082 _a921.6
_bO77h
245 0 0 _aHomenaje a Ortega y Gasset /
_c[organizado por el Instituto de Filosofia de la Facultad de Humanidades y Educación en Universidad Central de Venezuela].
260 _aCaracas :
_bUniversidad Central de Venezuela. Facultad de Humanidades y Educación. Instituto de Filosofía.,
_c1958.
300 _a135 p. ;
_c23 cm.
505 0 _tPidiendo un Ortega y Gasset desde dentro /
_rJ.D. García Bacca. --
_tEl sistema de Ortega /
_rM. Granell. --
_tLas fundaciones de Ortega y Gasset /
_rL. Luzuriaga. --
_tOrtega y su ideología universitaria /
_rE. Mayz Vallenilla. --
_tOrtega y Gasset: lengua y estilo /
_rA. Rosenblat.
600 1 4 _aORTEGA Y GASSET, JOSÉ,
_d1883-1955
_xCRÍTICA E INTERPRETACIÓN
_960574
650 2 0 _aFilosofía
_9813
650 2 0 _a Humanismo
_933685
710 1 2 _aUniversidad Central de Venuezuela.
_bFacultad de Humanidades y Educación.
_bInstituto de Filosofía.
_960575
910 _aValidado. Control de calidad BNPHU
999 _c34467
_d34467